Richard III /

Bibliographic Details
Main Author: Shakespeare, William, 1564-1616
Other Authors: Hankey, Julie
Format: Book
Language:English
Published: London : Totowa, N.J. : Junction Books ; Barnes & Noble, 1981.
Series:Plays in performance.
Subjects:

MARC

Tag First Indicator Second Indicator Subfields
LEADER 00000cam a2200000 a 4500
001 in00000073638
005 20151008053536.0
008 810925s1981 enkaf b 00010 eng
010 |a  81157794  
015 |a GB*** 
020 |a 086245011X 
020 |a 0389201847 (Barnes & Noble) :  |c $19.50 
035 |a (OCoLC)07876818 
035 |9 AAH7778AM 
039 0 |a 2  |b 3  |c 3  |d 3  |e 3 
040 |a DLC  |c DLC  |d TXA  |d UtOrBLW 
049 |a TXAM  |c [985317] 
050 0 0 |a PR2821.A2  |b H324 1981 
082 0 |a 822.3/3  |2 19 
100 1 |a Shakespeare, William,  |d 1564-1616. 
240 1 0 |a King Richard III.  |f 1981 
245 1 0 |a Richard III /  |c William Shakespeare ; edited by Julie Hankey. 
264 1 |a London :  |b Junction Books ;  |a Totowa, N.J. :  |b Barnes & Noble,  |c 1981. 
300 |a vi, 266 pages, 8 unnumbered pages of plates :  |b illustrations ;  |c 23 cm. 
336 |a text  |b txt  |2 rdacontent 
337 |a unmediated  |b n  |2 rdamedia 
338 |a volume  |b nc  |2 rdacarrier 
490 1 |a Plays in performance 
504 |a Bibliography: pages 5-8. 
600 0 0 |a Richard  |b III,  |c King of England,  |d 1452-1485  |x Drama. 
600 1 0 |a Shakespeare, William,  |d 1564-1616  |x Stage history. 
700 1 |a Hankey, Julie. 
830 0 |a Plays in performance. 
999 |a MARS 
999 f f |s bfa187d0-0f4c-3654-a650-e4ed560bd0e7  |i e0134a2a-b05c-3bec-9f1d-e6193efc8241  |t 0 
952 f f |p normal  |a Texas A&M University  |b College Station  |c Sterling C. Evans Library  |d Evans: Library Stacks  |t 0  |e PR2821.A2 H324 1981  |h Library of Congress classification  |i unmediated -- volume  |m A14806184079 
998 f f |a PR2821.A2 H324 1981  |t 0  |l Evans: Library Stacks